Maxim nový lifestylový mesačník pre mužov - aj pre ženy

Bibliographic Details
Previous Title:Playboy
Format: Journal
Language:Slovak
PhysicalDescription:2 zv. 28 cm
Published: Bratislava DTS Publishing, s.r.o. 2020-2021
ISSN:2729-7810
1336-7277
Subjects:

MARC

LEADER 00000cas a2200000 a 4500
001 vtls012000633
003 SK-MaSNL
005 20260228164351.0
008 201029d20202021xo mr p 0 b0slo
022 |a 2729-7810  |y 1336-7277 
040 |a SNK  |b slo  |c SNK  |e AACR2 
041 0 |a slo 
044 |a xo  |c SK 
072 7 |a 316.7  |x Sociológia kultúry. Kultúrny život  |2 konspekt 
072 7 |a 316.3  |x Globálne spoločnosti. Sociálna štruktúra. Sociálne skupiny  |2 konspekt 
080 |a 316.728  |2 2011 
080 |a (051.055.1)  |2 2011 
080 |a (051.055.2)  |2 2011 
080 |a 050  |2 2011 
080 |a 316.346.2  |2 2011 
080 |a 613.88  |2 2011 
210 0 |a Maxim  |b (Bratisl.) 
222 0 |a Maxim  |b (Bratislava) 
245 0 0 |a Maxim  |b nový lifestylový mesačník pre mužov - aj pre ženy 
246 1 8 |a Maxim Czech & Slovakia 
246 3 3 |a Maxim Slovakia 
246 1 |i Názov v tiráži:  |a Maxim Slovak edition 
246 1 3 |a Maxim Czech & Slovak edition 
260 |a Bratislava  |b DTS Publishing, s.r.o.  |c 2020-2021 
300 |a 2 zv.  |c 28 cm 
310 |a 1x mesačne 
362 0 |a Roč. 1, č. 10/11 (2020)-roč. 2, č. 6/7 (2021) 
500 |a V registri MK SR evidovaný pod názvom: MAXIM SLOVAKIA 
500 |a R. 2020: titul má uvedené rovnaké ISSN ako predchádzajúci titul PLAYBOY 
500 |a Registračné č.: EV 1990/08 
500 |a Podnázov v r. 2021: nový lifestylový mesačník pre mužov - i pre ženy 
500 |a Názov z obalu 
650 0 7 |a životný štýl  |2 SNKPH  |9 1704 
650 0 7 |a Lifestyle  |2 SNKPHeng  |9 275439 
650 0 7 |a muži a ženy  |2 SNKPH  |9 4886 
650 0 7 |a Men and women  |2 SNKPHeng  |9 268440 
650 0 7 |a erotika  |2 SNKPH  |9 3764 
650 0 7 |a Erotica  |2 SNKPHeng  |9 275803 
655 7 |a časopisy pre mužov  |2 SNKPH  |9 70808 
655 7 |a časopisy pre ženy  |2 SNKPH  |9 70785 
655 7 |a Women's periodicals  |2 SNKPHeng  |9 266266 
655 7 |a Men's magazines  |2 SNKPHeng  |9 268441 
780 0 0 |t Playboy  |x 1336-7277  |w vtls008300837 
910 |a snk 
999 |c 13337  |d 15267 
952 |t č. 10-12  |a SNK  |b SNK  |y PREZ  |7 0  |p 17A1556388  |o snkČSB 7760/1/2020 D1  |i snk2025/15857  |8 0  |0 0  |1 0  |4 0  |d 2025-10-07  |l 0  |r 2026-02-21 20:10:37  |w 2026-02-21 
952 |t č. 4, 6-7  |a SNK  |b SNK  |c SNK_KF  |y PREZ  |7 8  |p 17A1556389  |o snkČSB 7760/2/2021  |i snk2025/15863  |8 0  |0 0  |1 0  |4 0  |d 2025-10-07  |l 0  |r 2026-02-21 20:11:34  |w 2026-02-21 
952 |t č. 4, 6-7  |a SNK  |b SNK  |y PREZ  |7 0  |p 17A1556390  |o snkČSB 7760/2/2021 D1  |i snk2025/15864  |8 0  |0 0  |1 0  |4 0  |d 2025-10-07  |l 0  |r 2026-02-21 20:11:34  |w 2026-02-21 
952 |t č. 10-12  |a SNK  |b SNK  |y PREZ  |7 0  |p 17A1463614  |o snkČSB 7760/1/2020  |i snk2022/12293  |8 0  |0 0  |1 0  |4 0  |d 2022-08-09  |l 0  |r 2026-02-21 20:12:29  |w 2026-02-21